Loading...

Text book of biochemistry /

Bibliographic Details
Main Author: West, Edward Staunton
Format: Printed Book
Language:English
Published: New Delhi : Oxford & IBH, 1974.
Edition:4th ed.
Subjects:
LEADER 00801nam a2200169Ia 4500
008 150624b xxu||||| |||| 00| 0 eng d
082 |a 572 
100 |a West, Edward Staunton 
245 |a Text book of biochemistry /  |c Edward Staunton West 
250 |a 4th ed. 
260 |a New Delhi :  |b Oxford & IBH,  |c 1974. 
300 |a 1595 p. 
505 |a 1.Population, Vital statistics and migration particulars 2. Employment and labour conditions 3. Income consumption and accumulation 4. Housing 5. Health 6. Education 7. Crime and justice 8. Women 9. Scheduled castes and scheduled tribes 10.Children and yo 
650 |x Biochemistry. 
942 |c BK 
999 |c 44539  |d 44539 
952 |0 0  |1 0  |4 0  |6 572_000000000000000_WES_T  |7 0  |9 44528  |a UL  |b UL  |c ST1  |d 1998-09-07  |l 4  |m 2  |o 572 WES/T  |p 65356  |r 2014-03-01  |s 2013-11-12  |w 2012-10-27  |y BK